XXVIII. dni novej techniky v chemickej ochrane rastlín v dňoch 31. 10. a 1. 11. 1984

Bibliographic Details
Corporate Author: Dni novej techniky v chemickej ochrane rastlín Bratislava, Slovensko
Format: Conference Proceeding Book
Language:Slovak
Czech
PhysicalDescription:154 s. sch. 20 cm
Published: Bratislava Dom techniky ČSVTS 1984
Edition:1. vyd.
Subjects:

MARC

LEADER 00000nam a2200000 a 4500
001 vtls001562994
003 SK-MaSNL
005 20260301204239.0
008 250313s1984 xo f 100 0 slo
020 |q (brož.) 
035 |a D7A34C39-8A69-442C-8391-88FDF5E9B761 
035 |a urn:nbn:sk:snk-amybuf 
035 |a urn:nbn:sk:snk-am00ch4l 
040 |a SNK  |b slo  |c SNK  |e AACR2 
041 0 |a slo  |a cze 
044 |a xo  |c SK 
072 7 |a 632  |x Ochrana rastlín. Fytopatológia  |2 konspekt 
080 |a 632.934  |2 1997 
080 |a (063)  |2 1997 
111 2 |a Dni novej techniky v chemickej ochrane rastlín  |n (28. :  |d 1984 :  |c Bratislava, Slovensko)  |9 110796 
245 1 0 |a XXVIII. dni novej techniky v chemickej ochrane rastlín  |b v dňoch 31. 10. a 1. 11. 1984  |c [autor Kolektív] 
246 3 |a Dvadsiate ôsme dni novej techniky v chemickej ochrane rastlín 
250 |a 1. vyd. 
260 |a Bratislava  |b Dom techniky ČSVTS  |c 1984 
300 |a 154 s.  |b sch.  |c 20 cm 
650 0 7 |a chemická ochrana rastlín  |2 SNKPH  |9 67633 
655 7 |a zborníky konferencií  |2 SNKPH  |9 70153 
852 |a Slovenská národná knižnica 
958 |a OND 
999 |c 905654  |d 907584 
952 |a SNK  |b SNK  |y PREZ  |7 0  |p 17A0464256  |o snkSD 74734  |i snk2005/7368  |8 1  |0 0  |1 0  |4 0  |d 2005-04-29  |f 1  |l 0  |r 2025-11-21 00:00:00  |w 2026-02-24